Proyecto de reglas para limitar los riesgos que corre la población civil en tiempo de guerra
-д хадгалсан:
| Байгууллагын зохиогч: | |
|---|---|
| Формат: | Ном |
| Хэл сонгох: | испани |
| Хэвлэсэн: |
Ginebra
Comité Internacional de la Cruz Roja
1956
|
| Нөхцлүүд: | |
| Шошгууд: |
Шошго нэмэх
Шошго байхгүй, Энэхүү баримтыг шошголох эхний хүн болох!
|
MARC
| LEADER | 00000nam a2200000 a 4500 | ||
|---|---|---|---|
| 001 | UCT9549 | ||
| 003 | CL-VaPUC | ||
| 005 | 20210728001816.0 | ||
| 008 | 970404e19560000sz 1 spa d | ||
| 082 | 0 | 4 | |a 341.6 |b COM |2 21 |
| 110 | 2 | |a Comité Internacional de la Cruz Roja |e author |9 618310 | |
| 245 | 1 | 0 | |a Proyecto de reglas para limitar los riesgos que corre la población civil en tiempo de guerra |
| 260 | |a Ginebra |b Comité Internacional de la Cruz Roja |c 1956 | ||
| 300 | |a 178 p | ||
| 583 | |a last modification |c 19970404 00:00:00 |k Rodrigo Vera | ||
| 650 | 0 | 0 | |a Derecho internacional |9 255637 |
| 650 | 0 | 0 | |a Guerra |9 255876 |
| 650 | 0 | 7 | |a POBLACION CIVIL |2 CL-VaPUC |9 382328 |
| 650 | 0 | 7 | |a OPERACIONES BELICAS |2 CL-VaPUC |9 338010 |
| 942 | |c BK | ||
| 945 | |a lriquelm |d 19970404 00:00:00 | ||
| 546 | |a En Español | ||
| 518 | |p Conferencia International de la Cruz Roja, 19, Nueva Delhi, Enero de 1957 | ||
| 999 | |c 382889 |d 382887 | ||
| 952 | |0 0 |1 0 |4 0 |6 341_600000000000000_COM_1956 |7 0 |8 A |9 504825 |a BIBDER |b BIBDER |d 2020-01-23 |i 1825135 |o 341.6 COM 1956 |p 1825135 |r 2023-01-25 |w 2020-01-23 |y BK |k DER | ||